000 00925nam a2200289Ia 4500
001 C0016
003 IT-RoPAU
008 130308s9999 xx 000 0 und d
040 _aIT-RoPAU
040 _cIT-RoPAU
041 _aFRANCESE
100 _aMusso Pierre
100 _gCodice Aut. SPICS: 17552
245 _aTemps des reseaux (Le): plein technique, vide politique
245 _bCommunication et lien Social-Usages des machines a Communiquer
250 _a1a ed.
260 _aPARIS
260 _bDescartes
260 _c1992 [1° Ed.:1992 - Ed.Ling.Originale:1992]
300 _a"25 p. (prefazione: no ; testo: 25 [pagine: 111-135])"
500 _aTempi delle Reti: Pieno Tecnico e vuoto Politico. Ingombro Tecnico. Evacuazione del Politico. Bibliografia.
650 _aSOCIOLOGIA DELLA COMUNICAZIONE SOCIALE
650 _eCodice materia Spics: 3806
942 _cBK
957 _71
999 _c80587
_d80587
999 _g1